[Event "Reykjavik"]
[Site "Reykjavik"]
[Date "1980.??.??"]
[Round "?"]
[White "Miles, Anthony J"]
[Black "Petursson, Margeir"]
[Result "1/2-1/2"]
[WhiteElo "2545"]
[BlackElo "2425"]

1.g3 d5 2.Nf3 c5 3.Bg2 Nc6 4.d4 e6 5.O-O Nf6 6.c4 Be7 7.cxd5 exd5 8.Nc3 O-O
9.Be3 c4 10.Ne5 Be6 11.Nxc4 dxc4 12.d5 Nxd5 13.Nxd5 Bf6 14.Nxf6+ Qxf6 15.Bxc6 bxc6
16.Qd4  1/2-1/2

[Event "Rostov"]
[Site "Rostov"]
[Date "1980.??.??"]
[Round "?"]
[White "Gurieli, Nino"]
[Black "Saunina, Ludmila"]
[Result "1-0"]
[WhiteElo "2255"]
[BlackElo "2130"]

1.Nf3 d5 2.g3 g6 3.Bg2 Bg7 4.O-O e5 5.d3 Ne7 6.Nbd2 O-O 7.e4 Nbc6 8.a4 Nd4
9.exd5 Nxd5 10.c3 Nxf3+ 11.Qxf3 c6 12.a5 a6 13.Re1 Bf5 14.Ne4 Bxe4 15.dxe4 Nc7
16.Be3 Qe7 17.Red1 Rfd8 18.Bb6 Rxd1+ 19.Rxd1 Rd8 20.Bh3 Bh6 21.Rxd8+ Qxd8
22.Qg4 Bc1 23.Qc8 Qxc8 24.Bxc8 Nb5 25.Bxb7 Bxb2 26.c4 Nd6 27.Bxa6 Nxe4 28.Bb7 Nd6
29.a6 Nxc4 30.Bc5 Bd4 31.a7 Bxc5 32.a8=Q+ Kg7 33.Bxc6 Bd4 34.Qe8 Nd6 35.Qd7 Nf5
36.Bd5 Nh6 37.h4  1-0

[Event "SWE-ch"]
[Site "?"]
[Date "1980.??.??"]
[Round "?"]
[White "Akesson, Ralf"]
[Black "Ernst, Thomas"]
[Result "1-0"]
[WhiteElo "2230"]
[BlackElo "2200"]

1.Nf3 d5 2.g3 Nc6 3.d4 Bg4 4.Bg2 Nf6 5.O-O Bxf3 6.exf3 e6 7.f4 Be7 8.Be3 O-O
9.Nd2 Ne8 10.c4 Nf6 11.Rc1 Qd7 12.c5 b6 13.Nf3 Ng4 14.Bd2 bxc5 15.dxc5 Bf6
16.b4 Rfb8 17.Rb1 Nh6 18.Re1 Nf5 19.Bf1 Nfd4 20.Ne5 Nxe5 21.fxe5 Be7 22.Bc3 Nb5
23.Bb2 a5 24.a3 c6 25.Bd3 Qa7 26.Qd2 Nc7 27.Bd4 axb4 28.axb4 Qa3 29.Bc2 Rb7
30.Rb3 Qa7 31.f4 Qb8 32.g4 Ra4 33.Rh3 Raxb4 34.Bxh7+ Kf8 35.f5 Ke8 36.f6 gxf6
37.exf6 Bf8 38.Kh1 Rb3 39.Rxb3 Rxb3 40.g5 Qb4 41.Qxb4 Rxb4 42.Be5 Nb5 43.Ra1 Bxc5
44.g6 fxg6 45.Bxg6+ Kd7 46.Ra8 Nd6 47.Rg8 Rc4 48.Rg7+ Kd8 49.Kg2 d4 50.f7 Nxf7
51.Rxf7 Be7 52.Rh7 Rc5 53.Rh8+ Kd7 54.Be8+ Kc8 55.Bxc6+ Bd8  1-0

[Event "SWE-ch"]
[Site "?"]
[Date "1980.??.??"]
[Round "?"]
[White "Kinnmark, Ove"]
[Black "Ernst, Thomas"]
[Result "1-0"]
[WhiteElo "2365"]
[BlackElo "2200"]

1.Nf3 d5 2.g3 Nc6 3.d4 Bf5 4.Bg2 Nf6 5.O-O e6 6.c4 Be7 7.Nc3 O-O 8.cxd5 Nxd5
9.Ne1 Nb6 10.e4 Bg6 11.Nc2 Bf6 12.Ne2 Qd7 13.b3 e5 14.d5 Nd4 15.Ba3 Nxc2
16.Qxc2 Rfc8 17.Rad1 c6 18.d6 Qe6 19.h3 Qe8 20.Qd2 Nd7 21.Nc3 b5 22.f4 h6
23.f5 Bh7 24.Qf2 Bd8 25.Bc1 Bb6 26.Be3 Bxe3 27.Qxe3 Qd8 28.Kh2 Qg5 29.Qf2 Rd8
30.Rd3 Qf6 31.g4 Nb6 32.Rfd1 Rd7 33.Qc5 Rc8 34.a4 bxa4 35.bxa4 g5 36.a5 Na8
37.Nd5 cxd5 38.Qxc8+ Rd8 39.d7  1-0

[Event "Candidats (Women) qf4"]
[Site "Tbilisi"]
[Date "1980.??.??"]
[Round "8"]
[White "Gurieli, Nino"]
[Black "Gaprindashvili, Nona"]
[Result "0-1"]
[WhiteElo "2255"]
[BlackElo "2375"]

1.Nf3 d5 2.g3 g6 3.Bg2 Bg7 4.O-O e5 5.d3 Ne7 6.Nbd2 O-O 7.e4 Nbc6 8.exd5 Nxd5
9.c3 h6 10.Nc4 Re8 11.Re1 Bf5 12.a4 Qd7 13.Qb3 Bxd3 14.Rd1 e4 15.Ne1 Nb6
16.Nxd3 exd3 17.Ne3 a5 18.Qb5 Rad8 19.Bf1 Ne5 20.Kg2 Qe6 21.b3 Nd5 22.Nxd5 Rxd5
23.Qxb7 Nf3 24.c4 Rh5 25.Kxf3 Bxa1 26.Bxd3 Rxh2 27.Bf4 h5  0-1

[Event "Tilburg"]
[Site "Tilburg"]
[Date "1980.??.??"]
[Round "?"]
[White "Ribli, Zoltan"]
[Black "Larsen, Bent"]
[Result "1-0"]
[WhiteElo "2610"]
[BlackElo "2585"]

1.Nf3 d5 2.g3 c6 3.Bg2 Bg4 4.c4 e6 5.Qb3 Qb6 6.O-O Nd7 7.d4 Ngf6 8.Nc3 Be7
9.Rd1 Bh5 10.Bf4 h6 11.Rac1 O-O 12.Ne5 Qxb3 13.axb3 Rfd8 14.h3 Nxe5 15.Bxe5 Nd7
16.Bc7 Rdc8 17.Bf4 g5 18.Be3 Kg7 19.f3 Bg6 20.Bf2 Nb6 21.cxd5 cxd5 22.e3 Rc6
23.Bf1 Rac8 24.Bb5 R6c7 25.Kf1 h5 26.Ke2 a6 27.Bd3 Bxd3+ 28.Kxd3 Nd7 29.g4 Rc6
30.gxh5 Kh6 31.Rg1 b5 32.Rcf1 b4 33.Na4 Rc2 34.e4 Nf6 35.Be3 Nxh5 36.exd5 exd5
37.Nb6 R8c6 38.Nxd5 Rxb2 39.Rb1 Rxb1 40.Rxb1 Bd6 41.Rc1 Rxc1 42.Bxc1 Nf4+
43.Nxf4 gxf4 44.Ke4 a5 45.Kd5 Bb8 46.Kc6 Kg5 47.d5 Be5 48.d6 Kh4 49.d7 Bf6
50.Bxf4 Kxh3 51.Be5 Bh4 52.Bc7 Kg2 53.Bxa5 Kxf3 54.d8=Q Bxd8 55.Bxd8 Ke4
56.Kc5  1-0

[Event "Tirnavia-A"]
[Site "Trnava"]
[Date "1980.??.??"]
[Round "11"]
[White "Ftacnik, Lubomir"]
[Black "Klaric, Zlatko"]
[Result "1/2-1/2"]
[WhiteElo "2470"]
[BlackElo "2430"]

1.Nf3 d5 2.g3 c6 3.Bg2 Nf6 4.O-O g6 5.d3 Bg7 6.Nbd2 Qc7 7.e4 Nbd7 8.c3 O-O
9.Re1 e5 10.b4 a5 11.Bb2  1/2-1/2

[Event "Yerevan"]
[Site "Yerevan"]
[Date "1980.??.??"]
[Round "3"]
[White "Petrosian, Arshak B"]
[Black "Dobosz, Henryk"]
[Result "1-0"]
[WhiteElo "2435"]
[BlackElo "2385"]

1.Nf3 d5 2.g3 Bg4 3.Bg2 Nd7 4.c4 e6 5.cxd5 exd5 6.O-O Ngf6 7.d3 Be7 8.Nbd2 O-O
9.h3 Bxf3 10.Nxf3 Re8 11.Qc2 Bf8 12.Re1 c6 13.Bd2 a5 14.Rad1 Nc5 15.Bc3 Ne6
16.e4 d4 17.Bd2 Bb4 18.a3 Bxd2 19.Nxd2 a4 20.e5 Nd7 21.Nc4 Nb6 22.Nd6 Re7
23.f4 Nc8 24.Nxc8 Qxc8 25.Rc1 Ra5 26.Qd2 Qd8 27.Rc4 Nc5 28.Kh2 Rb5 29.Qc2 Qb6
30.Re2 Rd7 31.f5 Ra5 32.e6 fxe6 33.fxe6 Re7 34.Rxd4 Ra8 35.Qc4 Rae8 36.Rd7 Rxe6
37.Rd6 Qb3 38.Rexe6 Qxc4 39.Rxe8+  1-0

[Event "Yerevan"]
[Site "Yerevan"]
[Date "1980.??.??"]
[Round "4"]
[White "Romanishin, Oleg M"]
[Black "Lputian, Smbat G"]
[Result "1/2-1/2"]
[WhiteElo "2580"]
[BlackElo "2445"]

1.Nf3 d5 2.g3 c5 3.Bg2 Nc6 4.d4 e6 5.O-O Nf6 6.c4 Be7 7.dxc5 Bxc5 8.a3 a5
9.Nc3 O-O 10.cxd5 exd5 11.Bg5 d4 12.Nb5 Bg4 13.Qc1 Qb6 14.Bxf6 gxf6 15.a4 Rfe8
16.Qf4 Bxf3 17.Bxf3 Ne5 18.Be4 Re7 19.Rac1 Ng6 20.Qg4 Re5 21.Bd3 Rae8 22.Rc2 Qd8
23.f4 Rd5 24.f5 h5 25.Qxh5 Ne5 26.Rf4 Kf8 27.Re4 Ke7 28.Qh4 Rh8 29.Qf4 Kf8
30.Na3 Rh5 31.Qc1 b6 32.Rf4 Qd7 33.b3 Nc6 34.Nc4 Nb4 35.Rd2 Qe7 36.Qf1 Qd7
37.Qf3 Rh8 38.Kg2 Qe8 39.Be4 Rd7 40.Nb2 Qe7 41.Nd3 Bd6 42.Rg4 Nxd3 43.exd3 Rc7
44.Re2 Be5 45.Bd5 Qc5 46.Bc4 Qc6 47.Ree4 Re7 48.Kg1 Bd6 49.Qe2 Rxe4 50.Rxe4 Be5
51.Qg4 Qc7 52.Re2 Qc6 53.Bb5 Qc1+ 54.Kg2 Qh6 55.Kf3 Qc1 56.Kg2 Qh6 57.Qh4 Qxh4  1/2-1/2

[Event "Yerevan"]
[Site "Yerevan"]
[Date "1980.??.??"]
[Round "11"]
[White "Tal, Mihail"]
[Black "Petrosian, Arshak B"]
[Result "1/2-1/2"]
[WhiteElo "2705"]
[BlackElo "2435"]

1.Nf3 d5 2.g3 Nf6 3.Bg2 Bf5 4.c4 e6 5.cxd5 exd5 6.Qb3 Bc8 7.d3 Be7 8.Nc3 Na6
9.O-O O-O 10.d4 c6 11.Bf4 Nc7 12.Rad1 Ne6 13.Bc1 Qb6 14.Qc2 Bd7 15.Rfe1 Rad8
16.e4 dxe4 17.Nxe4 Nxe4 18.Rxe4 Bf6 19.Be3 Nc7 20.d5 Qxb2 21.Qxb2 Bxb2 22.Rb4 Bf6
23.Rxb7 Nxd5 24.Bc5 Rfe8 25.Rxa7 Be6 26.Bf1 Bg4  1/2-1/2

[Event "Weihnachts op-M 21th"]
[Site "Zuerich"]
[Date "1980.??.??"]
[Round "?"]
[White "Sherwin, James T"]
[Black "Haas, Carmi"]
[Result "1-0"]
[WhiteElo "2325"]
[BlackElo "2235"]

1.Nf3 d5 2.g3 Nf6 3.Bg2 Nbd7 4.c4 dxc4 5.Qa4 e6 6.Qxc4 c5 7.O-O Nb6 8.Qc2 Be7
9.Rd1 O-O 10.d4 cxd4 11.Nxd4 Nbd5 12.e4 Nb4 13.Qe2 Bd7 14.Nc3 Qe8 15.Ncb5 Bxb5
16.Nxb5 Qb8 17.Nc3 e5 18.Be3 Rc8 19.Bh3 Rc6 20.a3 Na6 21.Nd5 Bf8 22.b4 b5
23.Rac1 Rd6 24.Rc8 Qb7 25.Ne7+ Qxe7 26.Rxa8 Nxe4 27.Rc1  1-0

[Event "ITA-ch40"]
[Site "Napoli"]
[Date "1981.03.24"]
[Round "11"]
[White "Trabattoni, Franco"]
[Black "Passerotti, Pierluigi"]
[Result "0-1"]
[WhiteElo "2330"]
[BlackElo "2320"]

1.Nf3 d5 2.g3 e6 3.Bg2 c5 4.d3 Nf6 5.O-O b6 6.Nbd2 Bb7 7.Re1 Be7 8.c3 O-O
9.Qc2 Nc6 10.Nf1 Rc8 11.e4 d4 12.c4 e5 13.a3 Ne8 14.Bd2 a6 15.Rec1 Qc7 16.Rab1 a5
17.g4 g6 18.Ng3 Ng7 19.Bh6 Rce8 20.Kh1 Bc8 21.Bh3 Kh8 22.Rg1 Rg8 23.Qd2 Ne6
24.Ng5 Ncd8 25.Nxe6 Nxe6 26.g5 Nf4 27.Bxc8 Rxc8 28.Ne2 Ne6 29.Rbf1 Bd6 30.Rg4 Rge8
31.Rh4 a4 32.Rc1 Rb8 33.Qd1 Qd7 34.Ng3 Nf4 35.Qf3 b5 36.Ne2 Qe6 37.Nxf4 exf4
38.cxb5 Rxb5 39.Rc4 Rxb2 40.Rxa4 Rb1+ 41.Kg2 Be5 42.Rc4 Qd6 43.Qe2 Reb8 44.Qc2 R1b5
45.Ra4 Qe6 46.Ra7 Kg8 47.a4 Rb3 48.Ra5 Rc3 49.Qd2 c4 50.Rxf4 Rxd3  0-1

[Event "Warsaw Cup"]
[Site "Warsaw"]
[Date "1981.07.01"]
[Round "10"]
[White "Sek, Zbigniew"]
[Black "Lokasto, Anatol"]
[Result "1-0"]
[WhiteElo "2200"]
[BlackElo "2270"]

1.Nf3 d5 2.g3 Nf6 3.Bg2 c6 4.O-O Bf5 5.d3 e6 6.Nbd2 h6 7.Qe1 Be7 8.e4 Bh7
9.Ne5 Nbd7 10.Nxd7 Nxd7 11.f4 Nf6 12.Kh1 O-O 13.Qe2 Qc7 14.g4 dxe4 15.dxe4 Nd7
16.Nf3 e5 17.f5 Nf6 18.Ne1 Ne8 19.Be3 Kh8 20.Rf3 Nf6 21.Rg3 Ng8 22.Nf3 g5
23.h4 f6 24.Rh3 Rfd8 25.Bf1 Rd7 26.Qh2 Bf8 27.Bc4 Rg7 28.hxg5 hxg5 29.Kg2 Re8
30.Rh1 b5 31.Be6 Bd6 32.Kf1 Rb8 33.Bxg5 fxg5 34.Nxg5 Rb7 35.Nxh7 Rxh7 36.g5 Bf8
37.Rxh7+ Qxh7 38.Qxe5+  1-0

[Event "DEN-ch"]
[Site "Aarhus"]
[Date "1981.??.??"]
[Round "6"]
[White "Fries Nielsen, Jens Ove"]
[Black "Kristensen, Bjarke"]
[Result "1/2-1/2"]
[WhiteElo "2320"]
[BlackElo "2345"]

1.Nf3 d5 2.g3 Nf6 3.d4 c6 4.Bg2 Bf5 5.O-O e6 6.Nbd2 Be7 7.c4 h6 8.b3 O-O
9.Bb2 a5 10.a3 Nbd7 11.Ne1 Bh7 12.Rc1 Qb8 13.Nd3 Rc8 14.Kh1 b5 15.c5 b4 16.a4 Re8
17.f3 Bxd3 18.exd3 e5 19.Qc2 Bf8 20.dxe5 Nxe5 21.Rce1 Ned7 22.d4 g6 23.Ne4 dxe4
24.fxe4 Bg7 25.Qc4 Rf8 26.e5 Nd5 27.Bxd5 cxd5 28.Qxd5 Qe8 29.Qe4 Rd8 30.Qg2 Qe7
31.Rc1 Rfe8 32.Rfe1 Nf6 33.c6 Nd5 34.Rc5 Nc3 35.c7 Rc8 36.Bxc3 bxc3 37.Qc6 Qe6
38.Rxc3 Re7 39.Rec1 Rd7 40.Qxe6 fxe6 41.Rc4  1/2-1/2

[Event "Amsterdam"]
[Site "Amsterdam"]
[Date "1981.??.??"]
[Round "?"]
[White "Miles, Anthony J"]
[Black "Polugaevsky, Lev"]
[Result "1/2-1/2"]
[WhiteElo "2590"]
[BlackElo "2620"]

1.g3 d5 2.Nf3 Nf6 3.Bg2 Bf5 4.O-O c6 5.d3 e6 6.Nbd2 h6 7.b3 Be7 8.Bb2 O-O
9.Ne5 Nbd7 10.c4 Nxe5 11.Bxe5 a5 12.Qc2 Nd7 13.Bc3 Re8 14.a3 b5 15.cxb5 cxb5
16.Qb2 Bf8 17.Rfc1 b4 18.axb4 axb4 19.Bd4 e5 20.Ba7 Nf6 21.Nf3 e4 22.Ne5 Ng4
23.Nxg4  1/2-1/2

[Event "Amsterdam"]
[Site "Amsterdam"]
[Date "1981.??.??"]
[Round "?"]
[White "Kavalek, Lubomir"]
[Black "Karpov, Anatoly"]
[Result "1/2-1/2"]
[WhiteElo "2550"]
[BlackElo "2690"]

1.Nf3 d5 2.g3 Nf6 3.Bg2 c6 4.b3 Bf5 5.Bb2 e6 6.O-O h6 7.c4 Be7 8.d3 O-O 9.Nbd2 Nbd7
10.Ne5 Nxe5 11.Bxe5 Bd6 12.Bb2 Bh7 13.Nf3 Qe7 14.Rc1 e5 15.cxd5 cxd5 16.d4 e4
17.Ne5  1/2-1/2

[Event "Baden-Baden"]
[Site "Baden-Baden"]
[Date "1981.??.??"]
[Round "?"]
[White "Miles, Anthony J"]
[Black "Borik, Otto"]
[Result "1-0"]
[WhiteElo "2565"]
[BlackElo "2410"]

1.g3 d5 2.Nf3 c6 3.Bg2 Bg4 4.O-O Nd7 5.d3 e6 6.Nbd2 Ngf6 7.e4 Be7 8.Qe2 O-O
9.h3 Bh5 10.b3 a5 11.Bb2 a4 12.g4 Bg6 13.e5 Ne8 14.Kh1 Nc7 15.Rab1 axb3 16.axb3 Ra2
17.Ne1 f6 18.Ndf3 f5 19.Ng1 Nb5 20.Qd2 fxg4 21.hxg4 Ba3 22.Ba1 Qh4+ 23.Bh3 h5
24.Ng2 Qe7 25.gxh5 Bf5 26.Qe2 Bc5 27.Ne3 Bxh3 28.Nxh3 Qh4 29.Kh2 Nd4 30.Bxd4 Bxd4
31.Ng2 Qe7 32.f4 Rf5 33.Ne1 Qc5 34.b4 Qe7 35.Nf3 Bc3 36.b5 cxb5 37.Rxb5 b6
38.Rb3 Qc5 39.Rf2 Bxe5 40.Rg2 Qd6 41.Nxe5  1-0

[Event "Bangalore"]
[Site "Bangalore"]
[Date "1981.??.??"]
[Round "2"]
[White "Ravisekhar, Raja"]
[Black "Aaron, Manuel"]
[Result "1/2-1/2"]
[WhiteElo "2420"]
[BlackElo "2380"]

1.Nf3 d5 2.g3 c6 3.Bg2 Bf5 4.O-O h6 5.b3 e6 6.Bb2 Nf6 7.d3 Be7 8.Nbd2 O-O
9.c4 Nbd7 10.Rc1 Rc8 11.Rc2 Re8 12.Qa1 Bf8 13.Rfc1 c5 14.cxd5 exd5 15.Bf1 Qb6
16.Nb1 Rc6 17.Nc3 d4 18.Na4 Qa5 19.Bxd4 cxd4 20.Rxc6 bxc6 21.Nxd4 Nb8 22.Nxf5 Qxf5
23.Qd4 Qd7 24.Qxd7 Nfxd7 25.d4 Ba3 26.Rc2 Nb6 27.Nc3 Bb4 28.Nb1 a5 29.Bh3 g6
30.e3 Kg7 31.Kf1 f5 32.Ke2 Nd5 33.Bg2 Re6 34.Kd3 Kf6 35.h4 Nd7 36.a3 Be7
37.Bxd5 cxd5 38.Rc7 Rd6 39.Ra7 Bd8 40.Nc3 Ke6 41.Ra8 Nf6 42.f3 Nh5 43.Ne2 Nxg3
44.Nxg3 Bxh4 45.Ne2 Bd8 46.f4 g5 47.fxg5 hxg5 48.Nc3 g4 49.Nb5 Rd7 50.Ra6+ Ke7
51.Na7 Rb7 52.Nc6+ Kd7 53.Nxd8 Kxd8 54.Rxa5 Rxb3+ 55.Ke2 Ke7 56.Rxd5 Kf6
57.a4 Rb2+ 58.Kf1 g3 59.a5 Kg5 60.e4 Kf4 61.Rxf5+ Kxe4  1/2-1/2

[Event "Banja Luka"]
[Site "Banja Luka"]
[Date "1981.??.??"]
[Round "?"]
[White "Lakic, Nikola"]
[Black "Farago, Ivan"]
[Result "1/2-1/2"]
[WhiteElo "2355"]
[BlackElo "2535"]

1.Nf3 d5 2.g3 Nf6 3.Bg2 c6 4.O-O Bg4 5.d4 Nbd7 6.b3 e6 7.Bb2 Bd6 8.Nbd2 O-O
9.Re1 Qa5 10.a3 c5 11.dxc5 Qxc5 12.c4 Bxf3 13.exf3 a5 14.Rc1 Qb6 15.cxd5 exd5
16.f4 Bc5 17.Rf1 Rad8 18.Nf3 Ne4 19.Bd4 Bxd4 20.Nxd4 Nb8 21.Nf5 Qf6 22.Bxe4 dxe4
23.Qg4 Nc6 24.Qg5 Qxg5 25.fxg5 f6 26.Rfd1 Rd3 27.Nd6 Nd4 28.Rxd3 exd3 29.Rd1 d2
30.gxf6 Rxf6 31.Ne4 Rb6 32.Nxd2 Nxb3 33.Nc4 Re6 34.Rd7 Nc5 35.Rc7 Nd3 36.Rxb7 Re2
37.f4 Ra2 38.Ra7 Rc2 39.Nd6 h6 40.Rxa5 Ne1 41.Ra8+  1/2-1/2

[Event "Biel"]
[Site "Biel"]
[Date "1981.??.??"]
[Round "?"]
[White "Lobron, Eric"]
[Black "Toth, Bela"]
[Result "1-0"]
[WhiteElo "2395"]
[BlackElo "2400"]

1.Nf3 d5 2.g3 c5 3.Bg2 Nc6 4.d4 e6 5.O-O Nf6 6.c4 dxc4 7.Qa4 Bd7 8.Qxc4 Rc8
9.Nc3 b5 10.Qd3 cxd4 11.Nxd4 Ne5 12.Qd1 b4 13.Ne4 Nd5 14.Bf4 Nxf4 15.gxf4 Ng6
16.e3 Be7 17.Qh5 Qb6 18.Rfd1 O-O 19.Nf3 Be8 20.f5 exf5 21.Qxf5 Bc6 22.Rd4 Bxe4
23.Qxe4 Rce8 24.Qc2 Bf6 25.Rd7 Ne5 26.Nxe5 Bxe5 27.Rad1 Qf6 28.b3 Qh4 29.f4 Bb8
30.Qf2 Qf6 31.Bd5 Kh8 32.Bc4 Qb6 33.R1d4 Qg6+ 34.Kf1 a5 35.R4d5 Qb1+ 36.Kg2 Qe4+
37.Qf3 Qg6+ 38.Rg5 Qc2+ 39.Kh3 Qc3 40.Rd3 Qe1 41.Rxa5 Bc7 42.Rad5 Bb6 43.Re5 Rxe5
44.fxe5 Bc7 45.Rd7 Bd8 46.Kg2 Qh4 47.Qf4 Qh5 48.e6 Qc5 49.Rxf7 Be7 50.Qg4 Rxf7
51.exf7 Bf8 52.Qe6 Qg5+ 53.Kh3 Qh5+ 54.Kg3 Qg5+ 55.Kf3 Qh5+ 56.Kg2 Qg5+ 57.Kf1 Qf6+
58.Qxf6 gxf6 59.e4 Kg7 60.Ke2 Bd6 61.h3 Kf8 62.Kd3 Ke7 63.Bd5 Kd7 64.Kc4 Bf8
65.Kb5 Kc7 66.Bc4 Be7 67.Ka4 Kc6 68.a3 bxa3 69.b4 Kb6 70.Kxa3 Kc6 71.Kb3 Kd6
72.Ka4 Kc6 73.Ka5 Kb7 74.Bd5+ Kc7 75.b5 Ba3 76.b6+ Kc8 77.Ka6 Kb8 78.Kb5  1-0

[Event "Brighton"]
[Site "Brighton"]
[Date "1981.??.??"]
[Round "3"]
[White "Conquest, Stuart"]
[Black "Burger, Karl"]
[Result "0-1"]
[WhiteElo "2210"]
[BlackElo "2420"]

1.Nf3 d5 2.g3 b6 3.Bg2 Bb7 4.d3 Nf6 5.c3 Nbd7 6.Nbd2 e6 7.Qc2 a5 8.a4 Be7
9.O-O O-O 10.b3 Re8 11.Bb2 Bf8 12.Rad1 g6 13.e4 Bg7 14.e5 Ng4 15.d4 Ba6 16.Rfe1 Bf8
17.h3 Nh6 18.Bc1 Rc8 19.Bf1 Bxf1 20.Nxf1 Nf5 21.Ne3 c6 22.Nxf5 exf5 23.Bf4 b5
24.g4 fxg4 25.hxg4 Bg7 26.Kg2 Nf8 27.Rh1 Qd7 28.Rh4 h6 29.g5 h5 30.Be3 bxa4
31.bxa4 Rb8 32.Nd2 Ne6 33.f4 Nf8 34.f5 gxf5 35.Rf1 Ng6 36.Rh3 f4 37.Bg1 Qg4+
38.Kh2 c5 39.Bf2 cxd4 40.cxd4 Rec8 41.Qd3 Rb2 42.Rg1 Qd7 43.Rxh5 Qxa4 44.e6 Qe8
45.exf7+ Qxf7 46.Rh3 Rcc2 47.Rd1 a4 48.Be1 Qe6 49.Qf3 Rb3 50.Qg2 Rxh3+ 51.Qxh3 Qxh3+
52.Kxh3 a3 53.Nf3 a2 54.Ra1 Kf7 55.Kg4 Ke6 56.Bd2 Bf8 57.Re1+ Kf7 58.Kf5 Bd6
59.Rh1 Ne7+ 60.Kg4 Rb2 61.Ra1 Ng6 62.Kf5 Ne7+ 63.Kg4 Nc6 64.Bc3 Rg2+ 65.Kh5 Rc2
66.g6+ Kg7 67.Bd2 Bb4 68.Bxb4 Nxb4 69.Kg4 Rb2 70.Ne1 Rb1 71.Nc2 Rxa1 72.Nxa1 Nd3  0-1

[Event "Brighton"]
[Site "Brighton"]
[Date "1981.??.??"]
[Round "5"]
[White "Conquest, Stuart"]
[Black "Westerinen, Heikki MJ"]
[Result "0-1"]
[WhiteElo "2210"]
[BlackElo "2425"]

1.Nf3 d5 2.g3 Nf6 3.Bg2 c6 4.d3 Nbd7 5.O-O e5 6.e4 dxe4 7.dxe4 Bc5 8.Qe2 O-O
9.Nc3 Re8 10.h3 b5 11.Nd1 a5 12.c3 Bb6 13.Ne1 Nc5 14.Be3 Be6 15.Bxc5 Bxc5
16.b3 a4 17.Rb1 axb3 18.axb3 Ra3 19.Qc2 Qd6 20.Nf3 h6 21.Re1 Rea8 22.Bf1 Bb6
23.Ne3 Ra2 24.Qd3 Qxd3 25.Bxd3 Nd7 26.Kg2 R8a3 27.c4 bxc4 28.Bxc4 Bxe3 29.Bxe6 Bxf2
30.Bxd7 Bxe1+ 31.Kh1 Bxg3 32.Bxc6 Rf2 33.Ne1 Rf1+ 34.Kg2  0-1

[Event "Caorle op"]
[Site "Caorle"]
[Date "1981.??.??"]
[Round "1"]
[White "Radonjanin, Vlastimir"]
[Black "Colombo, Paolo"]
[Result "1-0"]
[WhiteElo "2225"]
[BlackElo "2080"]

1.Nf3 d5 2.g3 Nf6 3.Bg2 Nbd7 4.c4 dxc4 5.Na3 Nb6 6.Nxc4 Nxc4 7.Qa4+ c6 8.Qxc4 Qd5
9.Qc3 g6 10.O-O Bg7 11.Ne5 Ne4 12.Qc2 Qxe5 13.Bxe4 O-O 14.f4 Qh5 15.e3 Be6
16.f5 gxf5 17.Bxf5 Bxf5 18.Rxf5 Qg6 19.e4 Rad8 20.d3 Qd6 21.Rf3 Rd7 22.Rb1 Rfd8
23.b4 Qd4+ 24.Kg2 Qc3 25.Qxc3 Bxc3 26.Rb3 Bf6 27.Kf2 Kg7 28.Ke2 a6 29.Rf5 e6
30.Rh5 Kg8 31.a4 Bg7 32.g4 Rf8 33.b5 axb5 34.axb5 Ra8 35.bxc6 bxc6 36.Bf4 Ra2+
37.Kf3 Rd8 38.Rg5 Kf8 39.Bc7 Rd7 40.Rb8+ Ke7 41.Rxg7 Kf6 42.g5+ Kxg7 43.Be5+ Kg6
44.Rg8+ Kh5 45.d4 c5 46.Rg7 Rb7 47.Bf6 Rb3+ 48.Kf4 Rf2+ 49.Ke5 c4 50.Rxh7+ Kg4
51.Rxf7 Rxh2 52.Rc7 c3 53.g6 Kf3 54.Bg7 Rg2 55.Kxe6 Kxe4 56.d5 Kd3 57.d6 c2
58.d7  1-0

[Event "Caorle op"]
[Site "Caorle"]
[Date "1981.??.??"]
[Round "3"]
[White "D'Amore, Carlo"]
[Black "Vallifuoco, Giovanni"]
[Result "1/2-1/2"]
[WhiteElo "2250"]
[BlackElo "2080"]

1.Nf3 d5 2.g3 c5 3.Bg2 Nf6 4.O-O g6 5.d3 Bg7 6.c3 O-O 7.Qa4 Nc6 8.Qh4 Qd6
9.Bh6 Bf5 10.Nbd2 Bxh6 11.Qxh6 Ng4 12.Qh4 Qf6 13.h3 Qxh4 14.Nxh4 Nf6 15.g4 Be6
16.f4 Rad8 17.Nb3 b6 18.e3 a5 19.d4 a4 20.Nd2 cxd4 21.cxd4 Bc8 22.Rfe1 e6
23.Bf1 Bd7 24.a3 Na5 25.Nhf3 b5 26.Ne5 Nc4 27.Ndxc4 bxc4 28.Bg2 Be8 29.Re2 Rb8
30.Rd1 Rb6 31.Kf2 Bc6 32.Rdd2 Rfb8 33.Kg3 Be8 34.Bf3  1/2-1/2

[Event "Caorle op"]
[Site "Caorle"]
[Date "1981.??.??"]
[Round "6"]
[White "Barlov, Dragan"]
[Black "Taruffi, Daniele"]
[Result "1-0"]
[WhiteElo "2405"]
[BlackElo "2365"]

1.Nf3 d5 2.g3 Nf6 3.Bg2 c5 4.O-O Nc6 5.d4 e6 6.c4 dxc4 7.Qa4 Bd7 8.Qxc4 Qb6
9.dxc5 Qxc5 10.Qb3 Na5 11.Qd1 Bc6 12.Qe1 Be7 13.b4 Qxb4 14.Bd2 Qc5 15.Bxa5 O-O
16.a3 Qh5 17.Bb4 Bxb4 18.axb4 Ng4 19.h3 Ne5 20.Nbd2  1-0

[Event "Politiken Cup"]
[Site "Copenhagen"]
[Date "1981.??.??"]
[Round "2"]
[White "Kirov, Nino"]
[Black "Rosenlund, Thorbjorn"]
[Result "1-0"]
[WhiteElo "2475"]
[BlackElo "2305"]

1.Nf3 d5 2.g3 Nf6 3.Bg2 c6 4.c4 e6 5.b3 Be7 6.O-O O-O 7.d4 b5 8.c5 Ne4 9.Qc2 Nd7
10.Bb2 f5 11.Nbd2 a5 12.a3 h5 13.Nxe4 fxe4 14.Ne5 Nxe5 15.dxe5 Bd7 16.f3 Be8
17.b4 a4 18.fxe4 Bg6 19.Rxf8+ Bxf8 20.Rd1 Qe8 21.Bc1 Be7 22.Qa2 Kh8 23.exd5 exd5
24.Bh3 Be4 25.Qd2 Qg6 26.Rf1 h4 27.Qf4 Rf8 28.Qg4 Rxf1+ 29.Kxf1 hxg3 30.Qxg6 Bxg6
31.hxg3 Be8 32.Kf2 Kg8 33.Be6+ Kf8 34.Kf3 Bh5+ 35.g4 Bf7 36.Bf5 g6 37.Bd7 Be8
38.Bh6+ Kf7 39.e6+  1-0

[Event "Politiken Cup"]
[Site "Copenhagen"]
[Date "1981.??.??"]
[Round "6"]
[White "Laird, Craig"]
[Black "Jensen, Allan"]
[Result "0-1"]
[WhiteElo "2305"]
[BlackElo "2225"]

1.Nf3 d5 2.g3 c5 3.Bg2 Nc6 4.d4 Nf6 5.c4 e6 6.O-O Be7 7.dxc5 Bxc5 8.cxd5 exd5
9.Bg5 Be6 10.Nbd2 h6 11.Nb3 Bb6 12.Bf4 O-O 13.Nfd4 Qe7 14.Qd3 Rfd8 15.Rac1 Rac8
16.a3 Bg4 17.Rfe1 Nxd4 18.Nxd4 Rc4 19.Nf5 Qe6 20.Ne3 Rxc1 21.Rxc1 g5 22.Bc7 Rc8
23.Bxd5 Nxd5 24.Nxd5 Bxe2 25.Qd2 Bf3 26.Bxb6 Rxc1+ 27.Qxc1 Bxd5 28.Bd4 Qg4
29.f4 Bc6 30.Qd2 Qf3 31.fxg5 Qh1+ 32.Kf2 Qxh2+ 33.Ke1 Qxg3+ 34.Bf2 Qe5+ 35.Be3 Qg3+
36.Bf2 Qxg5 37.Qxg5+ hxg5 38.Bxa7 Kg7 39.Bb6 f5 40.Kd2 f4 41.b3 Kg6 42.a4 Kf5
43.a5 g4 44.b4 Bb5 45.Ke1 g3 46.Bc5 Kg4 47.Bb6 Kh3 48.Bc7 f3 49.Bb6 Kg2  0-1

[Event "Eksjo"]
[Site "Eksjo"]
[Date "1981.??.??"]
[Round "11"]
[White "Ornstein, Axel"]
[Black "Schneider, Lars Ake"]
[Result "1/2-1/2"]
[WhiteElo "2480"]
[BlackElo "2410"]

1.Nf3 d5 2.g3 Nf6 3.Bg2 e6 4.O-O c5 5.c4 Nc6 6.cxd5 exd5 7.d4 Be7 8.dxc5 Bxc5
9.Bg5 O-O 10.Nc3 Be6 11.Bxf6 Qxf6 12.Nxd5 Qxb2 13.Nc7 Rad8 14.Qc1 Qxc1 15.Raxc1 Be7
16.Nxe6 fxe6 17.Rc4 Bf6 18.Rb1 Rd6 19.h4 h6 20.Re4 b6 21.Bh3 Kf7 22.Rc1 Re8
23.e3 Re7 24.Bf1 Na5 25.Bb5 Nb7 26.g4 Nc5 27.Rb4 g5 28.hxg5 hxg5 29.Kg2 Nd3
30.Bxd3 Rxd3 31.a4 Red7 32.Rc6 R3d6 33.Rc8 Rd8 34.Rc7+ R8d7 35.Rc8 Rd8 36.Rc6 R8d7
37.Rb5 Rd5 38.Rc8 Rb7 39.Rc6 Rbd7 40.Rc2 Ke7 41.Rc8 Rd8 42.Rc1 Rd1 43.Rxd1 Rxd1
44.Nxg5 a6 45.Rxb6 Bxg5 46.f4 Bf6 47.Rxa6 Rd3 48.f5 e5 49.Kf3 Ra3 50.Ke4 Bg5
51.Kxe5 Rxe3+  1/2-1/2

[Event "DDR-ch (Women)"]
[Site "Fuerstenwalde"]
[Date "1981.??.??"]
[Round "3"]
[White "Wagner Michel, Annett"]
[Black "Winter, Irene"]
[Result "1/2-1/2"]
[WhiteElo "2120"]
[BlackElo "1980"]

1.Nf3 d5 2.g3 Nc6 3.d3 e5 4.Nbd2 Nf6 5.c4 dxc4 6.Nxc4 e4 7.Nfe5 Nxe5 8.Nxe5 Qd4
9.f4 e3 10.Bg2 Bb4+ 11.Kf1 O-O 12.Qc2 Be6 13.a3 Bd6 14.Nf3 Qb6 15.d4 Ng4
16.Rg1 Bd5 17.h3 Bxf3 18.exf3 e2+ 19.Qxe2 Rfe8 20.Qd3 Nf6 21.b4 Nd5 22.Bd2 Re7
23.Kf2 Rae8 24.Rge1 Rxe1 25.Rxe1 Rxe1 26.Bxe1 c6 27.f5 Be5 28.Bd2 Qxd4+ 29.Qxd4 Bxd4+
30.Ke2 Bb2 31.a4 Nc3+ 32.Bxc3 Bxc3 33.b5 c5 34.Kd3 Be1 35.g4 Kf8 36.Ke4 Ke7
37.Kd5 Bf2 38.f4 f6 39.Be4 Kd7 40.g5 Bd4 41.h4  1/2-1/2

[Event "DDR-ch 30th"]
[Site "Fuerstenwalde"]
[Date "1981.??.??"]
[Round "11"]
[White "Espig, Lutz"]
[Black "Tischbierek, Raj"]
[Result "1-0"]
[WhiteElo "2440"]
[BlackElo "2380"]

1.Nf3 d5 2.g3 c6 3.Bg2 Bg4 4.O-O Nd7 5.d3 e6 6.Nbd2 Ngf6 7.b3 Bd6 8.Bb2 O-O
9.Qe1 Ne8 10.e4 Nc7 11.h3 Bh5 12.Nh2 f6 13.f4 a5 14.a4 b5 15.Nhf3 bxa4 16.Rxa4 Nb6
17.Ra1 a4 18.e5 Bc5+ 19.Kh2 f5 20.Nd4 Qd7 21.N2f3 Bxf3 22.Bxf3 Nb5 23.Nxb5 cxb5
24.b4 Be7 25.Bd4 Nc8 26.c3 Na7 27.Bf2 Rad8 28.Rb1 Nc6 29.Qe2 Rc8 30.Rfc1 Rf7
31.Qe1 Nb8 32.Bg2 Bf8 33.c4 dxc4 34.dxc4 bxc4 35.b5 a3 36.Rc2 Qd3 37.Rc3 Qd8
38.Qc1 Qa5 39.b6 Rd8 40.Rxc4 Qd2 41.Rc2 Qxc1 42.Rbxc1 Na6 43.b7 Rb8 44.Rb1 Nb4
45.Rc8 Rbxb7 46.Bxb7 a2 47.Ra1 Nd3  1-0

[Event "Bundesliga 8081"]
[Site "Germany"]
[Date "1981.??.??"]
[Round "?"]
[White "Franke, Reiner"]
[Black "Wockenfuss, Klaus"]
[Result "1/2-1/2"]
[WhiteElo "2240"]
[BlackElo "2365"]

1.Nf3 d5 2.g3 g6 3.Bg2 Bg7 4.O-O e5 5.d3 Ne7 6.e4 O-O 7.Nc3 c6 8.Re1 Nd7
9.d4 exd4 10.Nxd4 dxe4 11.Nxe4 Nf6 12.Bg5 Nxe4 13.Rxe4 f6  1/2-1/2